Sports Quiz

Random Sports or Soccer Quiz
Score 0/73 Timer 20:00
0 Plays Today
Parcours Joueur % Correct
Paris Saint-Germain (2015-...)Angel Di Maria
85.4%
Olympique de Marseille (2019-...)Dario Benedetto
70.5%
Paris Saint-Germain (2001-04), Olympique de Marseille (2009-11)Gabriel Heinze
67.9%
Olympique Lyonnais (2009-13)Lisandro Lopez
67.4%
Paris Saint-Germain (2019-...)Leandro Paredes
64.5%
Olympique de Marseille (2009-12)Lucho Gonzalez
55.8%
AS Monaco (1999-03), Paris Saint-Germain (2006-08)Marcelo Gallardo
51.8%
Paris Saint-Germain (2019-...)Mauro Icardi
51%
Paris Saint-Germain (2012-16)Ezequiel Lavezzi
41.6%
Olympique de Marseille (2020-...)Leonardo Balerdi
40.5%
Paris Saint-Germain (2011-18)Javier Pastore
37.4%
AS Monaco (2013-15), Olympique de Marseille (2015-16, 2017-19)Lucas Ocampos
37.1%
Bordeaux (2011-12, 2014-15), Caen (2014-15), Nantes (2015-19)Emiliano Sala
29.5%
OGC Nice (2016-...)Walter Benitez
29.2%
Paris Saint-Germain (2016-19)Giovani Lo Celso
25.3%
Paris Saint-Germain (2003-04)Juan Pablo Sorin
23%
Paris Saint-Germain (2000-03), Girondins de Bordeaux (2003-04)Mauricio Pochettino
22.5%
OM (2005-09), Nice (2009-13) et LOSC (2015-17)Renato Civelli
22.1%
Girondins de Bordeaux (2006-11)Fernando Cavenaghi
21.5%
Olympique Lyonnais (2007-11)César Delgado
19.6%
Olympique de Marseille (2000-01), AS Monaco (2001-08)Lucas Bernardi
17.8%
OGC Nice (2012-15)Dario Cvitanich
17.6%
RC Lens (2020-...)Facundo Medina
17.1%
AS Monaco (2004-05)Javier Saviola
14.8%
Reims (1973-77), PSG (1977-79), Strasbourg (1979-80)Carlos Bianchi
14.2%
FC Nantes (1985-93)Jorge Burruchaga
13.9%
Tours (1982-83, 1984-85), PSG (1985-86), Monaco (1986-88) et Toulouse (1988-90)Omar Da Fonseca
13.3%
FC Nantes (1998-02), EA Guingamp (2002-03)Nestor Fabbri
12.2%
Nantes (2001-07), Toulouse (2007-11) et LOSC (2011-12)Mauro Cetto
12.2%
Montpellier Hérault SC (2019-20)Geronimo Rulli
12%
Reims (1971-73), Monaco (1973-80), Tours (1980-83), Toulon (1983-86)Delio Onnis
11.3%
RC Lens (2014-15), Stade de Reims (2018-19)Pablo Chavarria
9.5%
SC Toulon (1991-92)Leonardo Rodriguez
8.6%
AS Monaco (2013-14)Sergio Romero
8.4%
Olympique Lyonnais (2016-17)Emanuel Mammana
8.1%
AS Monaco (2003-04)Hugo Ibarra
8%
Bordeaux (2005-08), Monaco (2008-11), Saint-Etienne (2010-13)Alejandro Alonso
7.9%
Parcours Joueur % Correct
LOSC (2019-20)Nicolas Gaitan
7.6%
AS Saint-Etienne (1972-79)Osvaldo Piazza
6.9%
Paris Saint-Germain (2002-03)Martin Cardetti
6.5%
Girondins de Bordeaux (2015-19), AS Saint-Etienne (2018-19)Valentin Vada
6.2%
Montpellier Hérault SC (2009-10)Alberto Costa
6.2%
Olympique de Marseille (2007-08)Juan Krupoviesa
5.8%
Olympique de Marseille (2005-06)Christian Giménez
5.7%
Toulouse FC (1985-92)Alberto Marcico
5.5%
FC Metz (2000-01)Patricio D'Amico
5.2%
LOSC (2000-03), Le Mans FC (2003-04)Fernando D'Amico
5.2%
AS Saint-Etienne (2009-12)Gonzalo Bergessio
4.8%
Olympique de Marseille (1999-2000)Eduardo Berizzo
4.5%
Paris Saint-Germain (1987-90), SM Caen (1992-93)Gabriel Calderon
4.1%
AS Monaco (1989-91)Ramon Diaz
4%
Toulouse FC (2013-17)Oscar Trejo
3.8%
Paris Saint-Germain (1982-83)Osvaldo Ardiles
3.8%
AS Monaco (2015-18)Guido Carrillo
3.6%
Girondins de Bordeaux (2008-10)Diego Placente
3.6%
Stade Brestois 29 (1991)Sergio Goycochea
3.4%
Stade Rennais F.C. (2000-01)Mario Turdo
3.1%
Girondins de Bordeaux (2001-02, 2003-08)Juan Pablo Francia
3.1%
SC Bastia (1983-84), Toulouse FC (1984-88)Alberto Tarantini
2.9%
Olympique de Marseille (2001-03)Eduardo Tuzzio
2.8%
Stade Brestois (1986-87)José Luis Brown
2.8%
LOSC (2017-18)Ezequiel Ponce
2.5%
RC Strasbourg Alsace (1999-2000)Diego Garay
2.4%
FC Nantes (1971-75)Angel Marcos
2.3%
Nantes (1978-80), Monaco (1980-81), Montpellier (1981-82)Victor Trossero
2.1%
FC Nantes (1972-79), FC Metz (1979-81)Hugo Bargas
1.9%
AS Monaco (2006-09)Leandro Cufré
1.8%
SM Caen (2007-09)Juan Eluchans
1.8%
FC Nantes (1986-87)Julio Olarticoechea
1.2%
RC Strasbourg Alsace (1999-01)Gonzalo Belloso
1%
Nancy (1980-83), Metz (1983-87), LOSC (1987-89)Fernando Zappia
0.9%
AC Ajaccio (2002-03)Juan Esnaider
0.8%
Girondins de Bordeaux (1996-97)Claudio Biaggio
0.6%
Remove Ads.
Support Sporcle.
Get the best of Sporcle when you Go Orange. This ad-free experience offers more features, more stats, and more fun while also helping to support Sporcle. Thank you for becoming a member.

You're not logged in!

Compare scores with friends on all Sporcle quizzes.
OR
Log In

Show Comments

Extras

Top Quizzes Today


Score Distribution

Your Account Isn't Verified!

In order to create a playlist on Sporcle, you need to verify the email address you used during registration. Go to your Sporcle Settings to finish the process.

Report this User

Report this user for behavior that violates our Community Guidelines.

Details: